Знакомство с методом неразрушающего контроля дефектности по параметрам электрического отклика на импульсное механическое возбуждение; Ресурсоэффективные системы в управлении и контроле: взгляд в будущее; Ч. 1

Bibliografski detalji
Parent link:Ресурсоэффективные системы в управлении и контроле: взгляд в будущее: сборник научных трудов III Международной конференции школьников, студентов, аспирантов, молодых ученых, 06 - 11 октября 2014 г./ Национальный исследовательский Томский политехнический университет (ТПУ).— , 2014
Ч. 1.— 2014.— [С. 70-77]
Glavni autor: Демченко П. В.
Autor kompanije: Национальный исследовательский Томский политехнический университет (ТПУ)
Sažetak:Заглавие с титульного экрана
Jezik:ruski
Izdano: 2014
Serija:Современные технологии в неразрушающем контроле
Teme:
Online pristup:http://www.lib.tpu.ru/fulltext/c/2014/C47/V1/019.pdf
Format: MixedMaterials Elektronički Poglavlje knjige
KOHA link:https://koha.lib.tpu.ru/cgi-bin/koha/opac-detail.pl?biblionumber=611140

MARC

LEADER 00000naa2a2200000 4500
001 611140
005 20231101132637.0
035 |a (RuTPU)RU\TPU\conf\8846 
035 |a RU\TPU\conf\8844 
090 |a 611140 
100 |a 20150225d2014 k y0rusy50 ca 
101 0 |a rus 
102 |a RU 
105 |a y z 101zy 
135 |a drcn ---uucaa 
181 0 |a i  
182 0 |a b 
200 1 |a Знакомство с методом неразрушающего контроля дефектности по параметрам электрического отклика на импульсное механическое возбуждение  |f П. В. Демченко 
203 |a Текст  |c электронный 
225 1 |a Современные технологии в неразрушающем контроле 
230 |a 1 компьютерный файл (pdf; 641 Kb) 
300 |a Заглавие с титульного экрана 
320 |a [Библиогр.: с. 77 (5 назв.)] 
337 |a Adobe Reader 
461 1 |0 (RuTPU)RU\TPU\conf\8514  |t Ресурсоэффективные системы в управлении и контроле: взгляд в будущее  |o сборник научных трудов III Международной конференции школьников, студентов, аспирантов, молодых ученых, 06 - 11 октября 2014 г.  |o в 4 ч.  |f Национальный исследовательский Томский политехнический университет (ТПУ)  |d 2014 
463 0 |0 (RuTPU)RU\TPU\conf\8516  |t Ч. 1  |v [С. 70-77]  |d 2014 
610 1 |a труды учёных ТПУ 
610 1 |a электронный ресурс 
610 1 |a неразрушающий контроль 
610 1 |a дефектность 
610 1 |a электрические отклики 
610 1 |a импульсное возбуждение 
610 1 |a механическое возбуждение 
700 1 |a Демченко  |b П. В. 
712 0 2 |a Национальный исследовательский Томский политехнический университет (ТПУ)  |c (2009- )  |2 stltpush  |3 (RuTPU)RU\TPU\col\15902 
801 2 |a RU  |b 63413507  |c 20150225  |g RCR 
856 4 |u http://www.lib.tpu.ru/fulltext/c/2014/C47/V1/019.pdf 
942 |c BK